00741 2200253 4500001002100000005001700021008004100038020001800079035002400097040001200121082001200133090001900145100001800164245009600182260003700278300002900315500003100344650002900375700002300404700002200427850001200449990001300461990001300474YOGYA-0209000000756320090227021032.0 ind  a979-692-152-9 0010-020900000007563 aYOPDYOG a808.066 a808.066bJur M aJUROTO, Totok aMenulis artikel dan karya ilmiahcTotok Djuroto, Bambang Suprijadi; Editor Rety Puspitasari aBandungbRemaja Rosdakaryac2003 axvi,184 hlmbilusc18 cm aBibliografi : hlm. 173-181 aKarya ilmiah - penulisan aSupriyadi, Bambang aPuspitasari, Rety aYOPDYOG a04P01075 a04P01077